| 000 | 00449nam a2200181Ia 4500 | ||
|---|---|---|---|
| 001 | 4206 | ||
| 005 | 20260306145738.0 | ||
| 008 | 260306t2009||||xx |||||||||||||| ||spa|| | ||
| 041 | _aESP | ||
| 082 |
_a320.01 _bC97 |
||
| 100 |
_aCurbet, Jaume _eAUT |
||
| 245 | 0 |
_aEl rey desnudo: _bla gobernabilidad de la seguridad ciudadana |
|
| 260 | _c2009 | ||
| 300 |
_a170 páginas : _c17 cm. |
||
| 650 | _aGEN | ||
| 654 | _aCDE | ||
| 942 |
_cLIB _dJUS _fJUS _2ddc _n |
||
| 999 |
_c4206 _d4206 |
||